000 00597nam a2200229Ia 4500
003 OSt
005 20220926042850.0
006 a|||||r|||| 00| 0
007 ta
008 220923b |||||||| |||| 00| 0 eng d
037 _cGeneral Book
040 _aRTL
_cRTL
_beng
041 _2eng
_aeng
082 _aUa46,11,N6, K4
100 _aHarris Chauncy D
245 0 _aAnnotated world list of selected current geographi
250 _aRev ed 2
260 _c1964
650 _aGeography
942 _hUa46,11,N6, K4
_cGB
_2CC
999 _c670744
_d670744